Responses for show #2990 - Friday, September 5, 1997

Fred Ramen game 1.

Contestants

[<< previous game]

Fred Ramen, an assistant editor from New York, New York

Cathi Pedersen, a transcriptionist from Key West, Florida

Shawn Askew, a Space Camp counselor and student from Huntsville, Alabama

[next game >>]

Jeopardy! Round responses

AMERICAN LITERATURE
BORN IN THE '60s
SKYSCRAPER CITIES
JACKIE ROBINSON
HOT WHEELS
RUNNING ON "M.T."
    $100 8
Alex Haley

Fred
    $100 7
Run-D.M.C.

Fred
    $100 6
(F: What is Chicago?)
(S: What is Houston?)

Boston

ShawnCathiFred
    $100 1
Ebbets Field

Shawn
    $100 21
James Bond

Fred
    $100 26
Mr. T

Fred
    $200 9
Johnny Appleseed

Shawn
    $200 13
George Stephanopoulos

Fred
    $200 17
Atlanta

Shawn
    $200 2
Second Base

Shawn
    $200 22
Pontiac

Shawn
    $200 27
Margaret Thatcher

Fred
    $300 10
The Right Stuff

Shawn
    $300 14
Garry Kasparov

Fred
    $300 18
New York City

Fred
    $300 3
UCLA

Shawn
    $300 23
USA

Fred
    $300 28
Mike Tyson

Shawn
    $400 11
Rabbit, Run

Fred
    $400 15
Juliette Binoche & Kristin Scott Thomas

Triple Stumper
    $400 19
Pittsburgh

Shawn
    $400 4
Rookie of the Year

Fred
    $400 24
Volkswagen

Cathi
    $400 30
Mark Twain

Cathi
    $500 12
"The Gift of the Magi"

Cathi
    $500 16
Microsoft

Fred
    $500 20
Minneapolis

Cathi
    $500 5
Branch Rickey

Shawn
    $500 25
Porsche

Fred
    $1,000 29
"Money Train"

Shawn

Scores at the first commercial break (after clue 15):

Shawn Cathi Fred
$1,500 $600 $1,400

Scores at the end of the Jeopardy! Round:

Shawn Cathi Fred
$3,600 $1,900 $3,400

Double Jeopardy! Round responses

ANCIENT NEWS BULLETINS
SCIENTISTS
PERSONAL PRODUCTS
THE QUOTABLE COOLIDGE
MOVIE SEQUELS
"PARA"GRAPHS
    $200 12
Julius Caesar

Fred
    $200 2
Fossils

Cathi
    $200 24
Ex-Lax

Cathi
    $200 21
Business

Fred
    $200 11
"The Color of Money"

Cathi
    $200 1
Paralegal

Shawn
    $400 13
Pyrenees/Alps

Shawn
    $400 7
Heinrich Hertz

Shawn
    $400 25
ChapStick

Cathi
    $400 22
He was against it

Triple Stumper
    $400 17
"Fievel Goes West"

Shawn
    $400 3
Parasite

Cathi
    $600 14
Silk

Shawn
    $600 8
DNA

Shawn
    $600 26
(Fred: What is Speed Stick?)
(Cathi: What is Mennen?)
...
(Alex: Less than a minute to go.)

Right Guard

CathiFred
Triple Stumper
    $600 23
"True"

Cathi
    $600 18
"The Two Jakes"

Fred
    $600 4
Paratrooper

Fred
    $800 15
Alexander the Great

Shawn
    $2,000 9
Montgolfier

Shawn
    $800 27
CoverGirl

Cathi
    $800 29
(Cathi: What is "No"?)

You lose.

ShawnCathi
    $800 19
"Texasville"

Triple Stumper
    $800 5
Paraguay

Cathi
    $1000 16
Hammurabi

Fred
    $1000 10
Electricity

Shawn
    $1000 28
(S: What is Bayer?)

Bufferin

ShawnCathi
    $2,000 30
Strike

Shawn
    $1000 20
"Curly's Gold"

Fred
    $1000 6
Paraphernalia

Shawn

Scores at the end of the Double Jeopardy! Round:

Shawn Cathi Fred
$12,800 $5,100 $6,400
(lock-tie game)

[wagering suggestions for these scores]

Final Jeopardy! Round responses

U.S. STAMPS
CathiWhat is Emancipation Proclaim?
$5,100
FredWhat is the Emancipation Proclaimation?
$6,400
ShawnWhat is the Emancipation Proclimation?
$0
The Emancipation Proclamation

Final scores:

Shawn Cathi Fred
$12,800 $0 $12,800
New co-champion: $12,800 2nd place: a trip to the Canary Islands New co-champion: $12,800

Game dynamics:

Coryat scores:

Shawn Cathi Fred
$10,100 $5,100 $6,400
23 R
(including 3 DDs),
2 W
14 R,
2 W
19 R,
2 W

Combined Coryat: $21,600

The J! Archive is created by fans, for fans. The Jeopardy! game show and all elements thereof, including but not limited to copyright and trademark thereto, are the property of Jeopardy Productions, Inc. and are protected under law. This website is not affiliated with, sponsored by, or operated by Jeopardy Productions, Inc. Join the discussion at JBoard.tv.